00751nam a22002057a 450000500170000000800410001702000210005804100080007908000190008724501300010626400450023630000290028165300720031065300420038265300480042470000170047270000190048970000180050870000190052620230116164802.0230116s2016ge xxu||||| |||| 00| 0 ger d a 9783126050388 X ager a811.112.1 A-87 a Aspekte neu: Mittelstufe DeutschbLehr- und Arbeitsbuch 3, Teil 2 C1/cUte Kolthan, Helen Schmitz, Tanja Siber, Ralf Sonntag aStutgard :bErnst Klett Sprachen,c2016. a 200 p.:b+ 1 CDc28 cm. aAspekte neu: Mittelstufe Deutsch Lehr- und Arbeitsbuch 3, Teil 2 C1 aგერმანული ენა aახალი ასპექტები aKolthan, Ute aSchmitz, Helen aSiber, Tanja  aSonntag, Ralf